000 00799nam a2200217Ia 4500
005 20241129105846.0
008 241129s9999||||xx |||||||||||||| ||und||
020 _a81-87654-82-1
037 _aTB
040 _aARTS
_bpun
_cARTS
041 _apun
_2pun
084 _aO153:g R2
_qARTS
100 _aਸਿੰਘ, ਰਵਿੰਦਰ, ਥਦ।
245 0 _aਵਰਤਮਾਨ ਪਰਵਾਸੀ ਪੰਜਾਬੀ ਸਾਹਿਤ ਦੇ ਵਿਸ਼ੇਗਤ ਸਰੋਕਾਰ
_cਸਿੰਘ, ਰਵਿੰਦਰ, ਥਦ।
260 _aਦਿੱਲੀ, ਭਾਰਤ
_bਦਿੱਲੀ ਮਨਪ੍ਰੀਤਪ੍ਰਕਾਸ਼ਨ
_c2021
300 _a174ਪ੍ਰ0
365 _aINR
_b595
650 _aPunjabi Literature
942 _cTB
_hO153:g R2
999 _c1226312
_d1226312